Štrukturálne VAR modely a Mundellov-Flemingov model

Teoretická podstata VAR modelov. Statický Mundellov-Flemingov model. Dornbuschova dynamizácia Mundellovho-Flemingovko modelu. Stochastické rozšírenie dynamického Dornbuschovho modelu. VAR analýza Mundellovho-Flemingovho modelu.

Enregistré dans:
Détails bibliographiques
Auteur principal: Lukáčik, Martin, 1974-
Format: Chapitre de livre
Langue:slovaque
Sujets:
Tags: Ajouter un tag
Pas de tags, Soyez le premier à ajouter un tag!

MARC

LEADER 00000nla$a2200000$$$4500
001 0090454
005 20240502072018.3
041 0 |a slo 
044 |a SK 
245 1 0 |a Štrukturálne VAR modely a Mundellov-Flemingov model  |c Martin Lukáčik 
520 |a Teoretická podstata VAR modelov. Statický Mundellov-Flemingov model. Dornbuschova dynamizácia Mundellovho-Flemingovko modelu. Stochastické rozšírenie dynamického Dornbuschovho modelu. VAR analýza Mundellovho-Flemingovho modelu. 
610 2 0 |a modely 
610 2 0 |a analýza ekonometrická 
610 2 0 |a kurz výmenný 
610 2 0 |a prognózy 
100 1 |a Lukáčik, Martin, 1974-